[Event "Madrid ch Veteranos 2223"]
[Site "Madrid ESP"]
[Date "2023.04.21"]
[Round "5.14"]
[White "Diaz Begonte, Manuel"]
[Black "Alvarez Abejon, Amilcar"]
[Result "0-1"]
[WhiteElo "1536"]
[BlackElo "1875"]
[PlyCount "106"]
[EventDate "2023.04.17"]
[EventType "swiss"]
[EventRounds "9"]
[EventCountry "ESP"]
[SourceTitle "Ajedrez en Madrid"]
[Source "lmi"]
[SourceDate "2023.04.17"]
[SourceVersion "1"]
[SourceVersionDate "2023.05.22"]
[SourceQuality "1"]

1. e4 e5 2. Nf3 Nc6 3. Bb5 a6 4. Ba4 Nf6 5. d3 b5 6. Bb3 Be7 7. c3 d6 8. O-O
O-O 9. Nbd2 Bb7 10. Re1 Na5 11. Bc2 Re8 12. Nb3 c5 13. Bg5 h6 14. Bxf6 Bxf6 15.
Nbd2 d5 16. exd5 Qxd5 17. Ne4 Be7 18. Qe2 Rad8 19. b3 Nc6 20. Rad1 b4 21. c4
Qd7 22. h3 Bf8 23. Bb1 Re6 24. Qe3 Rg6 25. Nh4 Re6 26. Nxc5 Bxc5 27. Qxc5 Rde8
28. Qe3 Nd4 29. Kh1 Rf6 30. Qg3 Qe6 31. f4 Rxf4 32. Qxf4 exf4 33. Rxe6 Rxe6 34.
Rf1 g5 35. Nf3 Bxf3 36. gxf3 Re2 37. c5 Kf8 38. Rc1 Nxf3 39. Rc2 Rxc2 40. Bxc2
Nd4 41. Bd1 Ke7 42. Kg2 Kd7 43. Bf3 Kc7 44. Be4 f5 45. Bf3 Ne6 46. Bd5 Nxc5 47.
d4 Ne4 48. Be6 Kd6 49. Bxf5 Kd5 50. Kf3 Nd6 51. Bd3 a5 52. Bg6 Kxd4 53. h4 Nb5
0-1

[Event "Madrid ch Veteranos 2223"]
[Site "Madrid ESP"]
[Date "2023.04.21"]
[Round "5.15"]
[White "Martin Martin, Luis Vicente"]
[Black "Perez Hernandez, Alfonso"]
[Result "0-1"]
[WhiteElo "1871"]
[BlackElo "1719"]
[PlyCount "66"]
[EventDate "2023.04.17"]
[EventType "swiss"]
[EventRounds "9"]
[EventCountry "ESP"]
[SourceTitle "Ajedrez en Madrid"]
[Source "lmi"]
[SourceDate "2023.04.17"]
[SourceVersion "1"]
[SourceVersionDate "2023.05.22"]
[SourceQuality "1"]

1. d4 Nf6 2. Bf4 c5 3. e3 b6 4. Nf3 Bb7 5. Nbd2 g6 6. h3 Bg7 7. Be2 d6 8. c3
Nbd7 9. O-O O-O 10. a4 a6 11. Bh2 Re8 12. Qb1 cxd4 13. exd4 e5 14. Rd1 e4 15.
Ne1 d5 16. Nc2 Nf8 17. Nf1 Kh8 18. Qc1 Ng8 19. Qf4 f5 20. g4 Ne6 21. Qd6 f4 22.
Bxf4 Nxf4 23. Qxf4 Rf8 24. Qh2 Bh6 25. Nfe3 Bf4 26. Qg2 Rc8 27. Qf1 Rc7 28.
Bxa6 Bxa6 29. Qxa6 Rcf7 30. Rd2 Bb8 31. Qf1 Qh4 32. Ne1 Bg3 33. Nd1 e3 0-1

[Event "Madrid ch Veteranos 2223"]
[Site "Madrid ESP"]
[Date "2023.04.21"]
[Round "5.16"]
[White "Barahona Torrijos, Angel"]
[Black "Camacho Casado, Demetrio"]
[Result "1-0"]
[WhiteElo "1696"]
[BlackElo "1862"]
[PlyCount "65"]
[EventDate "2023.04.17"]
[EventType "swiss"]
[EventRounds "9"]
[EventCountry "ESP"]
[SourceTitle "Ajedrez en Madrid"]
[Source "lmi"]
[SourceDate "2023.04.17"]
[SourceVersion "1"]
[SourceVersionDate "2023.05.22"]
[SourceQuality "1"]

1. e4 e5 2. Nf3 Nc6 3. Nc3 Nf6 4. d4 exd4 5. Nd5 h6 6. Bc4 Bc5 7. O-O d6 8. b4
Nxb4 9. Nxb4 Bxb4 10. Qxd4 Bc5 11. Qc3 O-O 12. Bb2 Qe7 13. e5 dxe5 14. Nxe5 Bb4
15. Qd4 Qc5 16. Qh4 Bd2 17. Rad1 Bg5 18. Qg3 Ne4 19. Qf3 Nf6 20. Bd4 Qe7 21.
Rfe1 c6 22. Ng6 Qb4 23. Qb3 Qxb3 24. Bxb3 Bg4 25. f3 Bh5 26. Nxf8 Rxf8 27. Bxa7
Ra8 28. Bd4 Bg6 29. g3 Nh7 30. f4 Bd8 31. Re8+ Nf8 32. Kf1 Kh7 33. Rxf8 1-0

[Event "Madrid ch Veteranos 2223"]
[Site "Madrid ESP"]
[Date "2023.04.21"]
[Round "5.17"]
[White "Alberdi Garcia, Carlos Alfonso"]
[Black "Herrero Reques, Sergio"]
[Result "0-1"]
[WhiteElo "1699"]
[BlackElo "2021"]
[PlyCount "128"]
[EventDate "2023.04.17"]
[EventType "swiss"]
[EventRounds "9"]
[EventCountry "ESP"]
[SourceTitle "Ajedrez en Madrid"]
[Source "lmi"]
[SourceDate "2023.04.17"]
[SourceVersion "1"]
[SourceVersionDate "2023.05.22"]
[SourceQuality "1"]

1. d4 Nf6 2. Nc3 d5 3. Bf4 a6 4. e3 Bf5 5. f3 e6 6. g4 Bg6 7. h4 h6 8. h5 Bh7
9. Bd3 Bd6 10. Bxh7 Bxf4 11. exf4 Nxh7 12. Qd3 Qd6 13. Nge2 Nd7 14. O-O-O O-O-O
15. a4 Kb8 16. Kb1 Nhf6 17. Qe3 Qb4 18. Nc1 c5 19. dxc5 Nxc5 20. Qd4 Qxd4 21.
Rxd4 g6 22. Nd3 Nxd3 23. Rxd3 gxh5 24. gxh5 Rhg8 25. Rdd1 Rg3 26. Rdf1 Rg2 27.
Kc1 d4 28. Ne4 Nxe4 29. fxe4 Rc8 30. c4 dxc3 31. bxc3 Rxc3+ 32. Kb1 Rb3+ 33.
Kc1 Ra3 34. Kb1 Rxa4 35. f5 Rb4+ 36. Ka1 e5 37. Rfg1 Rxg1+ 38. Rxg1 Rxe4 39.
Rg8+ Ka7 40. Rh8 Rf4 41. Rxh6 Rxf5 42. Rh8 a5 43. h6 Rh5 44. h7 f5 45. Kb2 Rh3
46. Rf8 Rxh7 47. Rxf5 Re7 48. Kc3 Kb6 49. Kc4 Ka6 50. Rf6+ b6 51. Rf8 e4 52.
Ra8+ Kb7 53. Rf8 e3 54. Rf1 e2 55. Re1 Kc6 56. Kd4 a4 57. Rc1+ Kb5 58. Rb1+ Ka5
59. Re1 a3 60. Kc4 Ka4 61. Kc3 b5 62. Kc2 b4 63. Kb1 Kb3 64. Ka1 Kc3 0-1

[Event "Madrid ch Veteranos 2223"]
[Site "Madrid ESP"]
[Date "2023.04.21"]
[Round "5.18"]
[White "Cabañas Bravo, Juan Andres"]
[Black "Lobato Palomo, Manuel Angel"]
[Result "1-0"]
[WhiteElo "1914"]
[BlackElo "1689"]
[PlyCount "81"]
[EventDate "2023.04.17"]
[EventType "swiss"]
[EventRounds "9"]
[EventCountry "ESP"]
[SourceTitle "Ajedrez en Madrid"]
[Source "lmi"]
[SourceDate "2023.04.17"]
[SourceVersion "1"]
[SourceVersionDate "2023.05.22"]
[SourceQuality "1"]

1. e4 e6 2. d4 d5 3. Nc3 Nc6 4. e5 f6 5. exf6 Qxf6 6. Nf3 Bb4 7. Bd3 Bd7 8. O-O
Nge7 9. Bg5 Qf7 10. Nb5 O-O-O 11. c3 Ba5 12. b4 Bb6 13. Re1 h6 14. Bh4 g5 15.
Bg3 Nf5 16. a4 Nxg3 17. hxg3 a6 18. a5 Ba7 19. Nxa7+ Nxa7 20. Ne5 Qf6 21. Re3
Rhf8 22. Ra2 c6 23. Qe2 Nb5 24. Bxb5 cxb5 25. Nd3 Rde8 26. Nc5 Re7 27. Rf3 Qg7
28. Rxf8+ Qxf8 29. Qe5 Qf5 30. Qd6 Rf7 31. Re2 Qb1+ 32. Kh2 Qd1 33. Nxe6 Bxe6
34. Qxe6+ Rd7 35. g4 Qd3 36. Re3 Qh7 37. Rh3 Qf7 38. Rxh6 Qg7 39. Rg6 Qf7 40.
Rg8+ Kc7 41. Qb6# 1-0

[Event "Madrid ch Veteranos 2223"]
[Site "Madrid ESP"]
[Date "2023.04.21"]
[Round "5.19"]
[White "Carrera Cabaneros, Francisco"]
[Black "Vukotic Jovsic, Dragan"]
[Result "0-1"]
[WhiteElo "1684"]
[BlackElo "1866"]
[PlyCount "68"]
[EventDate "2023.04.17"]
[EventType "swiss"]
[EventRounds "9"]
[EventCountry "ESP"]
[SourceTitle "Ajedrez en Madrid"]
[Source "lmi"]
[SourceDate "2023.04.17"]
[SourceVersion "1"]
[SourceVersionDate "2023.05.22"]
[SourceQuality "1"]

1. d4 c5 2. c3 e6 3. e3 d5 4. Bd3 Nf6 5. Nd2 Nc6 6. f4 cxd4 7. cxd4 Bd7 8. Ngf3
Be7 9. O-O O-O 10. Ne5 Nb4 11. Bb1 Bb5 12. Rf3 Rc8 13. a3 Nc6 14. Rh3 Be2 15.
Qxe2 Nxe5 16. fxe5 Rxc1+ 17. Kf2 Ne4+ 18. Bxe4 Bh4+ 19. g3 Rxa1 20. Bd3 f6 21.
Rxh4 fxe5+ 22. Kg2 e4 23. Qh5 h6 24. Nxe4 dxe4 25. Bxe4 Qg5 26. Qe2 Raf1 27. b4
Ra1 28. Rf4 Rxa3 29. Bxb7 Rb8 30. Qf3 Ra2+ 31. Kh3 Rxb7 32. Qxb7 Qh5+ 33. Rh4
Qf5+ 34. Rg4 Qf1+ 0-1

[Event "Madrid ch Veteranos 2223"]
[Site "Madrid ESP"]
[Date "2023.04.21"]
[Round "5.20"]
[White "Jimenez Ascarza, Jose Ignacio"]
[Black "Lopez Molina, Santiago Jorge"]
[Result "0-1"]
[WhiteElo "1534"]
[BlackElo "1857"]
[PlyCount "72"]
[EventDate "2023.04.17"]
[EventType "swiss"]
[EventRounds "9"]
[EventCountry "ESP"]
[SourceTitle "Ajedrez en Madrid"]
[Source "lmi"]
[SourceDate "2023.04.17"]
[SourceVersion "1"]
[SourceVersionDate "2023.05.22"]
[SourceQuality "1"]

1. e4 Nf6 2. e5 Nd5 3. d4 d6 4. c4 Nb6 5. exd6 cxd6 6. Nc3 g6 7. Nf3 Bg7 8. Be3
O-O 9. Qd2 Nc6 10. Be2 Bg4 11. b3 e5 12. O-O Bxf3 13. Bxf3 exd4 14. Bg5 dxc3
15. Qc1 Qd7 16. Bh6 Ne5 17. Be2 Bxh6 18. Qxh6 Qf5 19. f4 Ng4 20. Qh4 h5 21. h3
Qf6 22. Qg3 Qd4+ 23. Kh1 Qe3 24. Bf3 Nf6 25. Qg5 Kg7 26. Rae1 Qc5 27. Qg3 Rae8
28. Rd1 d5 29. f5 dxc4 30. fxg6 fxg6 31. bxc4 Nxc4 32. Bxb7 Ne3 33. Rxf6 Rxf6
34. Rd7+ Re7 35. Rd8 Rf1+ 36. Kh2 Qe5 0-1

[Event "Madrid ch Veteranos 2223"]
[Site "Madrid ESP"]
[Date "2023.04.21"]
[Round "5.21"]
[White "Ruiz Quevedo, Andres"]
[Black "Camarero Izquierdo, Juan Carlos"]
[Result "0-1"]
[WhiteElo "1827"]
[BlackElo "1680"]
[PlyCount "52"]
[EventDate "2023.04.17"]
[EventType "swiss"]
[EventRounds "9"]
[EventCountry "ESP"]
[SourceTitle "Ajedrez en Madrid"]
[Source "lmi"]
[SourceDate "2023.04.17"]
[SourceVersion "1"]
[SourceVersionDate "2023.05.22"]
[SourceQuality "1"]

1. Nf3 d5 2. g3 e6 3. Bg2 Nd7 4. O-O c6 5. d3 f5 6. c4 Ngf6 7. Nc3 Bd6 8. cxd5
exd5 9. e4 O-O 10. Nd4 Ne5 11. Bg5 h6 12. Bxf6 Qxf6 13. exd5 c5 14. Ndb5 f4 15.
Ne4 Qg6 16. Nbxd6 f3 17. Nxc8 Raxc8 18. Re1 fxg2 19. Kxg2 Rf5 20. f4 Rxf4 21.
Kh1 Rf3 22. Nxc5 Rxc5 23. d4 Rc2 24. Re2 Rxe2 25. Qxe2 Qd3 26. Qxe5 Rf1+ 0-1

[Event "Madrid ch Veteranos 2223"]
[Site "Madrid ESP"]
[Date "2023.04.21"]
[Round "5.22"]
[White "Pareja Vicente, Antonio"]
[Black "De Dompablo Fantova, Juan"]
[Result "1-0"]
[WhiteElo "1783"]
[BlackElo "1665"]
[PlyCount "120"]
[EventDate "2023.04.17"]
[EventType "swiss"]
[EventRounds "9"]
[EventCountry "ESP"]
[SourceTitle "Ajedrez en Madrid"]
[Source "lmi"]
[SourceDate "2023.04.17"]
[SourceVersion "1"]
[SourceVersionDate "2023.05.22"]
[SourceQuality "1"]

1. e4 e5 2. Bc4 Nc6 3. Nc3 Nf6 4. d3 Bc5 5. Nf3 d6 6. h3 a6 7. Be3 Ba7 8. Qd2
Na5 9. Nd5 Nxc4 10. dxc4 h6 11. Nxf6+ Qxf6 12. Bxa7 Rxa7 13. Qe3 Ra8 14. c5 Be6
15. cxd6 cxd6 16. O-O O-O 17. b3 b5 18. Rfd1 Rfd8 19. a4 Rac8 20. axb5 axb5 21.
Ne1 d5 22. exd5 Rxd5 23. Rxd5 Bxd5 24. Rd1 Qe6 25. Qd3 Bc6 26. c4 bxc4 27. Qxc4
Qg6 28. b4 Rb8 29. Rc1 Rc8 30. Qa6 Qe6 31. b5 Bd7 32. Rxc8+ Bxc8 33. Qxe6 Bxe6
34. b6 Bd5 35. Nd3 e4 36. Nc5 f5 37. b7 Bxb7 38. Nxb7 g6 39. Kf1 Kf7 40. Ke2
Ke6 41. Ke3 Ke5 42. g3 g5 43. Nd8 f4+ 44. Ke2 h5 45. g4 hxg4 46. hxg4 Kf6 47.
Nc6 Ke6 48. f3 Kd5 49. Nb4+ Kd4 50. Nc2+ Kd5 51. Na3 Kd4 52. Nb1 e3 53. Na3 Kc5
54. Kd3 Kb4 55. Nc2+ Kc5 56. Kc3 Kd5 57. Nd4 Kd6 58. Kc4 Ke5 59. Kc5 Kf6 60.
Kd6 Kf7 1-0

[Event "Madrid ch Veteranos 2223"]
[Site "Madrid ESP"]
[Date "2023.04.21"]
[Round "5.23"]
[White "Montero Montero, Juan Jose"]
[Black "Hernandez Gutierrez, Jose"]
[Result "0-1"]
[WhiteElo "1678"]
[BlackElo "1767"]
[PlyCount "98"]
[EventDate "2023.04.17"]
[EventType "swiss"]
[EventRounds "9"]
[EventCountry "ESP"]
[SourceTitle "Ajedrez en Madrid"]
[Source "lmi"]
[SourceDate "2023.04.17"]
[SourceVersion "1"]
[SourceVersionDate "2023.05.22"]
[SourceQuality "1"]

1. e4 c6 2. Nc3 d5 3. Nf3 Bg4 4. h3 Bxf3 5. Qxf3 e6 6. exd5 cxd5 7. a3 Nf6 8.
Bb5+ Nc6 9. Bxc6+ bxc6 10. O-O c5 11. d3 Be7 12. Re1 O-O 13. Rb1 a5 14. b3 Qd7
15. Bb2 Rfc8 16. Red1 Qc6 17. Ne2 Ne8 18. Ng3 Bf6 19. Bxf6 Nxf6 20. c4 d4 21.
Qxc6 Rxc6 22. b4 axb4 23. axb4 cxb4 24. Rxb4 Nd7 25. Ne2 e5 26. f4 f6 27. fxe5
fxe5 28. Rb7 Ra2 29. Ng3 Nc5 30. Re7 Ra3 31. Rf1 Rf6 32. Rxe5 Rxf1+ 33. Nxf1
Nxd3 34. Rd5 Nf4 35. Rd7 Rc3 36. g3 Ne6 37. Rd6 Kf7 38. h4 Rxc4 39. Kf2 Rc2+
40. Kf3 h5 41. Rd5 g6 42. Rd6 Kf6 43. Ra6 Ke5 44. Ra5+ Rc5 45. Ra3 Rc3+ 46.
Rxc3 dxc3 47. Ke3 Nc5 48. Ke2 Ke4 49. Ne3 Ne6 0-1

[Event "Madrid ch Veteranos 2223"]
[Site "Madrid ESP"]
[Date "2023.04.21"]
[Round "5.24"]
[White "Jimenez Jimenez, Jose Luis"]
[Black "Rodriguez Rodriguez, Ricardo"]
[Result "0-1"]
[WhiteElo "1737"]
[BlackElo "1568"]
[PlyCount "70"]
[EventDate "2023.04.17"]
[EventType "swiss"]
[EventRounds "9"]
[EventCountry "ESP"]
[SourceTitle "Ajedrez en Madrid"]
[Source "lmi"]
[SourceDate "2023.04.17"]
[SourceVersion "1"]
[SourceVersionDate "2023.05.22"]
[SourceQuality "1"]

1. e4 e5 2. Nc3 Nf6 3. f4 d5 4. exd5 exf4 5. Bb5+ Bd7 6. Be2 Bd6 7. Nf3 O-O 8.
O-O c6 9. dxc6 Nxc6 10. d4 Bf5 11. a3 Qb6 12. Nb5 Bb8 13. c4 a6 14. c5 Qd8 15.
Nc3 Nd5 16. Nxd5 Qxd5 17. Nh4 Nxd4 18. Nxf5 Nxe2+ 19. Qxe2 Qxc5+ 20. Kh1 Qxf5
21. Qf3 Qb5 22. b4 Be5 23. Rb1 Rac8 24. Bxf4 Rc3 25. Qe4 Bxf4 26. Rxf4 Rxa3 27.
Rbf1 Re8 28. Qc2 f6 29. Qc7 Rae3 30. h3 Re1 31. Rxe1 Rxe1+ 32. Kh2 Re8 33. Kg1
Qe2 34. Rd4 Qe1+ 35. Kh2 Qe5+ 0-1

[Event "Madrid ch Veteranos 2223"]
[Site "Madrid ESP"]
[Date "2023.04.21"]
[Round "5.25"]
[White "Balsera Gomez, Antonio"]
[Black "Menendez Domens, Juan Manuel"]
[Result "0-1"]
[WhiteElo "1718"]
[BlackElo "1460"]
[PlyCount "138"]
[EventDate "2023.04.17"]
[EventType "swiss"]
[EventRounds "9"]
[EventCountry "ESP"]
[SourceTitle "Ajedrez en Madrid"]
[Source "lmi"]
[SourceDate "2023.04.17"]
[SourceVersion "1"]
[SourceVersionDate "2023.05.22"]
[SourceQuality "1"]

1. d4 d5 2. Nf3 Nf6 3. e3 e6 4. Bd3 b6 5. Qe2 Bd6 6. b3 Bb7 7. O-O O-O 8. Bb2
Nbd7 9. Nbd2 Re8 10. Ne5 c5 11. f4 Ne4 12. Bb5 Nef6 13. Qf3 Rc8 14. Qh3 cxd4
15. Nxd7 Nxd7 16. Bxd4 f5 17. Qg3 Qe7 18. Bxd7 Qxd7 19. Rac1 Ba3 20. Nf3 Bxc1
21. Rxc1 Rc7 22. h4 Ba6 23. h5 Qf7 24. Qh3 Be2 25. Kf2 Bxf3 26. gxf3 Kf8 27. c3
Ke7 28. Rg1 Rg8 29. Rg5 g6 30. h6 b5 31. Qf1 a6 32. a4 Rb8 33. b4 Rcb7 34. a5
Kd7 35. Qd3 Qf8 36. Bg7 Qe7 37. Be5 Rc8 38. e4 fxe4 39. fxe4 Ke8 40. exd5 Rd7
41. d6 Qf8 42. Qh3 Qf7 43. Qf3 Qf8 44. Qh3 Rc4 45. Qxe6+ Kd8 46. Bf6+ Kc8 47.
Rc5+ Rxc5 48. bxc5 Qf7 49. Qxf7 Rxf7 50. Be5 g5 51. Kf3 gxf4 52. Bxf4 Rf5 53.
c6 Rc5 54. d7+ Kd8 55. Ke4 Rxc6 56. Kd3 Kxd7 57. Be3 Rc4 58. Bd4 Kc6 59. Ke4
Ra4 60. Ke5 Rxa5 61. Kf6 Kd7 62. Kg7 Ke7 63. Bc5+ Ke6 64. Kxh7 Kf7 65. Kh8 Ra4
66. Bb4 a5 67. h7 Ra2 68. c4 Re2 69. Be7 Rxe7 0-1

[Event "Madrid ch Veteranos 2223"]
[Site "Madrid ESP"]
[Date "2023.04.21"]
[Round "5.26"]
[White "Alonso Abad, Enrique"]
[Black "Pashov, Spas Nikolov"]
[Result "1-0"]
[WhiteElo "1901"]
[BlackElo "1794"]
[PlyCount "83"]
[EventDate "2023.04.17"]
[EventType "swiss"]
[EventRounds "9"]
[EventCountry "ESP"]
[SourceTitle "Ajedrez en Madrid"]
[Source "lmi"]
[SourceDate "2023.04.17"]
[SourceVersion "1"]
[SourceVersionDate "2023.05.22"]
[SourceQuality "1"]

1. e4 e5 2. Nf3 Nc6 3. d4 exd4 4. Nxd4 Nf6 5. Nxc6 bxc6 6. e5 Nd5 7. c4 Bb4+ 8.
Bd2 Bxd2+ 9. Qxd2 Ne7 10. Bd3 O-O 11. O-O d6 12. exd6 cxd6 13. Nc3 Be6 14. Rad1
Qa5 15. Nd5 Qd8 16. Nxe7+ Qxe7 17. Rfe1 Qf6 18. Qc2 h6 19. Bh7+ Kh8 20. Rxd6
Rac8 21. c5 Rfd8 22. Rxd8+ Rxd8 23. Be4 Qe5 24. Qc1 Bd5 25. Bf3 Qg5 26. Qxg5
hxg5 27. Rd1 f6 28. Kf1 Bc4+ 29. Ke1 Re8+ 30. Kd2 Re5 31. b4 a5 32. a3 axb4 33.
axb4 Bd5 34. Bxd5 Rxd5+ 35. Kc2 Rf5 36. Rd8+ Kh7 37. f3 g4 38. fxg4 Rf4 39. Kc3
Rxg4 40. g3 Re4 41. Rd6 Re7 42. Rxc6 1-0

[Event "Madrid ch Veteranos 2223"]
[Site "Madrid ESP"]
[Date "2023.04.21"]
[Round "5.28"]
[White "Lopez Guitian, Juan J."]
[Black "Martin Garcia, Luis I"]
[Result "0-1"]
[WhiteElo "1518"]
[BlackElo "1814"]
[PlyCount "114"]
[EventDate "2023.04.17"]
[EventType "swiss"]
[EventRounds "9"]
[EventCountry "ESP"]
[SourceTitle "Ajedrez en Madrid"]
[Source "lmi"]
[SourceDate "2023.04.17"]
[SourceVersion "1"]
[SourceVersionDate "2023.05.22"]
[SourceQuality "1"]

1. e4 e6 2. d4 d5 3. Nc3 Bb4 4. e5 c5 5. a3 Ba5 6. b4 cxd4 7. Nb5 Bc7 8. Nxc7+
Qxc7 9. Nf3 Nc6 10. Bb5 Bd7 11. Bxc6 Bxc6 12. a4 b5 13. a5 Ne7 14. O-O Nf5 15.
Re1 Rc8 16. Bb2 Qe7 17. Qd2 Ba8 18. Bxd4 Nxd4 19. Nxd4 a6 20. Re3 Rc4 21. c3
O-O 22. Rae1 Bc6 23. Rg3 f5 24. exf6 Rxf6 25. Rge3 Bd7 26. Qe2 Rc8 27. g3 Re8
28. f4 g6 29. Rf1 Qf7 30. Nf3 Bc8 31. Ne5 Qf8 32. Ref3 d4 33. Qd3 Bb7 34. R3f2
Rd8 35. Rd1 Rd5 36. Qc2 dxc3 37. Rxd5 Bxd5 38. Nd7 Qe7 39. Nxf6+ Qxf6 40. Re2
Qd4+ 41. Rf2 Be4 42. Qb3 Kf7 43. Kf1 Bd3+ 44. Kg2 c2 45. Re2 Bxe2 46. Qxc2 Qd5+
47. Kf2 Qf3+ 48. Ke1 Bc4 49. Qf2 Qxf2+ 50. Kxf2 Kf6 51. g4 e5 52. fxe5+ Kxe5
53. Ke3 g5 54. Kd2 Kf4 55. Kc3 Ke3 56. Kc2 Be6 57. h3 Bd5 0-1

[Event "Madrid ch Veteranos 2223"]
[Site "Madrid ESP"]
[Date "2023.04.21"]
[Round "5.29"]
[White "Marcos Herrero, Francisco"]
[Black "Becerra Baigorri, Jose"]
[Result "1-0"]
[WhiteElo "1830"]
[BlackElo "1505"]
[PlyCount "89"]
[EventDate "2023.04.17"]
[EventType "swiss"]
[EventRounds "9"]
[EventCountry "ESP"]
[SourceTitle "Ajedrez en Madrid"]
[Source "lmi"]
[SourceDate "2023.04.17"]
[SourceVersion "1"]
[SourceVersionDate "2023.05.22"]
[SourceQuality "1"]

1. c4 e5 2. Nc3 Nf6 3. g3 Nc6 4. Bg2 Bc5 5. e3 d6 6. Nge2 Be6 7. Nd5 Bxd5 8.
cxd5 Ne7 9. O-O O-O 10. Qb3 Bb6 11. d4 exd4 12. Nxd4 Re8 13. a4 Qd7 14. Nb5 a6
15. Na3 Rab8 16. Bd2 Ba7 17. Bc3 Qf5 18. Rad1 Ne4 19. Bd4 Bxd4 20. Rxd4 Nc5 21.
Qc3 Qd7 22. b3 Ng6 23. Rc1 Rbc8 24. h4 Ne5 25. Nc2 Qf5 26. Ne1 b6 27. Rf4 Qg6
28. Rd1 a5 29. Rdd4 Re7 30. Bf1 f6 31. Rd1 Qh5 32. Rd2 Rf8 33. Be2 Qh6 34. Nf3
Ng6 35. Rfd4 Ne4 36. Rxe4 Rxe4 37. Qxc7 Ne5 38. Qxd6 Rxe3 39. Qe6+ Kh8 40. fxe3
Qxe3+ 41. Kg2 Qxb3 42. Nxe5 fxe5 43. Qxe5 Qxa4 44. d6 Re8 45. d7 1-0

[Event "Madrid ch Veteranos 2223"]
[Site "Madrid ESP"]
[Date "2023.04.21"]
[Round "5.30"]
[White "Marcos Medina, Alejandro"]
[Black "Perez Fajardo, Daniel"]
[Result "1-0"]
[WhiteElo "1692"]
[BlackElo "1495"]
[PlyCount "67"]
[EventDate "2023.04.17"]
[EventType "swiss"]
[EventRounds "9"]
[EventCountry "ESP"]
[SourceTitle "Ajedrez en Madrid"]
[Source "lmi"]
[SourceDate "2023.04.17"]
[SourceVersion "1"]
[SourceVersionDate "2023.05.22"]
[SourceQuality "1"]

1. b3 e5 2. Bb2 Nc6 3. e3 d5 4. Bb5 Bd6 5. Nf3 Qe7 6. d4 f6 7. dxe5 Bxe5 8.
Bxc6+ bxc6 9. Nxe5 fxe5 10. Qh5+ Kf8 11. Qxe5 Nf6 12. Nd2 Kf7 13. O-O Be6 14.
Nf3 h6 15. Qc3 Qd6 16. Ne5+ Kg8 17. Qxc6 Qxc6 18. Nxc6 Kf7 19. Ne5+ Ke8 20.
Rad1 Rg8 21. f4 Ne4 22. f5 Bc8 23. Rxd5 Bb7 24. Rd7 Rc8 25. Rfd1 Nf6 26. R7d4
Be4 27. g4 Bxc2 28. R1d2 Bb1 29. Ba3 Be4 30. h4 Bb7 31. Ng6 c5 32. Rd6 Rc7 33.
Re6+ Kf7 34. Ne5+ 1-0

[Event "Madrid ch Veteranos 2223"]
[Site "Madrid ESP"]
[Date "2023.04.21"]
[Round "5.31"]
[White "Fernandez Rios, Jose Francisco"]
[Black "Yela Garcia, Carlos"]
[Result "1-0"]
[WhiteElo "1657"]
[BlackElo "1489"]
[PlyCount "61"]
[EventDate "2023.04.17"]
[EventType "swiss"]
[EventRounds "9"]
[EventCountry "ESP"]
[SourceTitle "Ajedrez en Madrid"]
[Source "lmi"]
[SourceDate "2023.04.17"]
[SourceVersion "1"]
[SourceVersionDate "2023.05.22"]
[SourceQuality "1"]

1. d4 Nf6 2. c4 e5 3. dxe5 Ne4 4. Nd2 Ng5 5. Ngf3 Bb4 6. Nxg5 Qxg5 7. a3 Ba5 8.
b4 Qxe5 9. Nb3 Bxb4+ 10. axb4 Qc3+ 11. Bd2 Qxc4 12. e3 Qe6 13. Bc3 O-O 14. Qd4
Qg6 15. Qd3 Qe6 16. Nd4 Qe8 17. Nf5 Nc6 18. Bxg7 Nxb4 19. Qc4 d5 20. Qxb4 Bxf5
21. Qxf8+ Qxf8 22. Bxf8 Kxf8 23. Kd2 a6 24. Bd3 Bg6 25. Rhb1 Rb8 26. Rxa6 c5
27. Bxg6 hxg6 28. Rab6 Rd8 29. Rxb7 d4 30. Rb8 dxe3+ 31. Kxe3 1-0

[Event "Madrid ch Veteranos 2223"]
[Site "Madrid ESP"]
[Date "2023.04.21"]
[Round "5.32"]
[White "Carbo de Haya, Jaime"]
[Black "Prieto Gonzalez, Cesar"]
[Result "1/2-1/2"]
[WhiteElo "1238"]
[BlackElo "1608"]
[PlyCount "116"]
[EventDate "2023.04.17"]
[EventType "swiss"]
[EventRounds "9"]
[EventCountry "ESP"]
[SourceTitle "Ajedrez en Madrid"]
[Source "lmi"]
[SourceDate "2023.04.17"]
[SourceVersion "1"]
[SourceVersionDate "2023.05.22"]
[SourceQuality "1"]

1. e4 d6 2. d4 Nf6 3. Nd2 e5 4. c3 Nbd7 5. Ngf3 c6 6. Bc4 Be7 7. O-O b5 8. Bb3
a5 9. Bc2 O-O 10. Re1 Qc7 11. Nf1 Re8 12. Ng3 g6 13. h3 Bf8 14. Bg5 Bg7 15. Qd2
c5 16. d5 Nb6 17. b3 Bd7 18. Bh6 a4 19. Qg5 Rf8 20. Nh2 Qd8 21. f4 Ne8 22. Bxg7
Qxg5 23. fxg5 Kxg7 24. Rf1 Nc7 25. Rad1 axb3 26. axb3 Ra2 27. Rf2 c4 28. Rb1
cxb3 29. Bxb3 Ra3 30. Ngf1 Na4 31. Bxa4 Rxa4 32. Nd2 Na6 33. Rf6 Nc5 34. Rxd6
Be8 35. Re1 Ra2 36. Nhf3 Rc2 37. Re3 Na4 38. Rd8 Nxc3 39. Rc8 b4 40. Rb8 Nb5
41. Rd3 Rc3 42. Nxe5 f6 43. Rb7+ Kg8 44. gxf6 Rxf6 45. Rb8 Rf8 46. d6 Rxd3 47.
Nxd3 Nxd6 48. Nxb4 Bf7 49. Rxf8+ Kxf8 50. Nd5 Nxe4 51. Nxe4 Bxd5 52. Nc3 Bc6
53. Kf2 g5 54. g3 h5 55. Ke3 Kg7 56. Ne2 h4 57. gxh4 gxh4 58. Kf4 Bd7 1/2-1/2

[Event "Madrid ch Veteranos 2223"]
[Site "Madrid ESP"]
[Date "2023.04.21"]
[Round "5.33"]
[White "Tudela Garcia, Antonio"]
[Black "De Juan Rivas, Antonio"]
[Result "1-0"]
[WhiteElo "1572"]
[BlackElo "1408"]
[PlyCount "121"]
[EventDate "2023.04.17"]
[EventType "swiss"]
[EventRounds "9"]
[EventCountry "ESP"]
[SourceTitle "Ajedrez en Madrid"]
[Source "lmi"]
[SourceDate "2023.04.17"]
[SourceVersion "1"]
[SourceVersionDate "2023.05.22"]
[SourceQuality "1"]

1. e4 c5 2. b3 Nc6 3. Bb2 e5 4. Bb5 Nd4 5. Bxd4 cxd4 6. Qh5 Qe7 7. Bc4 Nf6 8.
Qe2 d6 9. a4 Bd7 10. Nf3 h6 11. Na3 Bc6 12. d3 d5 13. exd5 Qb4+ 14. Kf1 Qc3 15.
Qxe5+ Be7 16. Qxd4 Qxd4 17. Nxd4 Nxd5 18. Re1 Kd7 19. Nxc6 bxc6 20. Nb1 Rhe8
21. g3 f6 22. c3 Bd6 23. Kg2 Nb6 24. Bf7 Re5 25. d4 Re7 26. Rxe7+ Kxe7 27. Bg6
Rb8 28. Re1+ Kd7 29. Bf5+ Kc7 30. Bc2 c5 31. dxc5 Bxc5 32. a5 Nd7 33. b4 Bd6
34. f4 g5 35. fxg5 hxg5 36. Ba4 Ne5 37. b5 Nc4 38. b6+ axb6 39. a6 Ne5 40. Bb5
Rc8 41. Rf1 Be7 42. c4 Kb8 43. Nd2 Ka7 44. Ne4 Nxc4 45. Bxc4 Rxc4 46. Nxf6 Rc2+
47. Kh3 Kxa6 48. Nd5 Bd8 49. Nb4+ Kb5 50. Nxc2 Kc4 51. Rf3 b5 52. Na3+ Kb4 53.
Kg4 Ka4 54. h4 gxh4 55. gxh4 b4 56. Nb1 b3 57. Rf4+ Ka5 58. h5 Bc7 59. Re4 Bd6
60. h6 b2 61. h7 1-0